Contemporary drama: thirteen plays american, english, european

Tallennettuna:
Bibliografiset tiedot
Päätekijät: Clayes, Stanley A (Tekijä), Spencer, David G (Tekijä)
Aineistotyyppi: Kirja
Kieli:englanti
Julkaistu: Nueva York Charles Scribner's Sons 1962
Aiheet:
Tagit: Lisää tagi
Ei tageja, Lisää ensimmäinen tagi!

MARC

LEADER 00000nam a2200000 a 4500
001 UCU4962
003 CL-VaPUC
008 960531e19620000US |||||||||||||||||eng|d
082 0 4 |a 808.82  |b CLA  |2 21 
100 0 |a Clayes, Stanley A  |e author  |9 362775 
700 0 |a Spencer, David G  |e author  |9 362776 
245 1 0 |a Contemporary drama: thirteen plays american, english, european 
300 |a 512 p 
942 |c BK 
945 |d 19960531 00:00:00  |a rleighto 
260 |a Nueva York  |b Charles Scribner's Sons  |c 1962 
600 0 |a Ibsen, Henrik   |d 1828-1906  |9 349947 
600 0 7 |a CHEJOV, ANTON PAVLOVICH  |2 CL-VaPUC  |9 352083 
600 0 7 |a STRINDBERG, AUGUST  |2 CL-VaPUC  |9 362777 
600 0 |a García Lorca, Federico   |e autor   |9 315690 
600 0 7 |a SHAW, GEORGE BERNARD  |2 CL-VaPUC  |9 322529 
600 0 7 |a WILLIAMS, TENNESSEE  |2 CL-VaPUC  |9 362698 
600 0 7 |a GIRAUDOUX, JEAN  |2 CL-VaPUC  |9 362676 
650 0 |a Dramas noruegos  |9 330527 
650 0 |a Dramas rusos  |9 267682 
650 7 |a DRAMAS SUECOS  |2 CL-VaPUC  |9 362032 
650 0 |a Dramas españoles  |9 267081 
650 7 |a DRAMAS IRLANDESES  |2 CL-VaPUC  |9 362778 
650 7 |a DRAMAS ESTADOUNIDENSES  |2 CL-VaPUC  |9 267218 
650 7 |a DRAMAS FRANCESES  |2 CL-VaPUC  |9 267189 
583 |a last modification  |c 19960531 00:00:00  |k Rodrigo Vera 
999 |c 248486  |d 248484 
952 |0 0  |1 0  |4 0  |6 808_820000000000000_CLA_1962  |7 0  |8 A  |9 265111  |a BIBEDU  |b BIBEDU  |d 2019-11-19  |i 3205452  |o 808.82 CLA 1962  |p 3205452  |r 2019-11-19  |w 2019-11-19  |y BK  |k LIT